000 00296nam a22001337a 4500
008 170131b xxu||||| |||| 00| 0 eng d
020 _a9780867203158
041 _aeng
080 _a61
100 _a3
101 _aSHM
245 _aHUMAN AGING AND CHRONIC DISEASE
_cKART, C.S
942 _2udc
_cBK
999 _c4102
_d4102